Movies Quiz

Random Movies Quiz

Bradley Cooper Movies Quiz Stats

 Plays Quiz not verified by Sporcle

Support Sporcle.
Go Orange.
Score 0/15 Timer 10:00
0 Plays Today
% Correct
The Hangover
93%
Limitless
67.6%
Wedding Crashers
66.2%
The A Team
64.8%
All About Steve
47.9%
Valentine's Day
39.4%
Yes Man
39.4%
He's Just Not That Into You
38%
% Correct
Case 39
33.8%
Failure to Launch
33.8%
Wet Hot American Summer
26.8%
New York, I Love You
23.9%
The Midnight Meat Train
23.9%
My Little Eye
19.7%
Changing Lanes
2.8%

You're not logged in!

Compare scores with friends on all Sporcle quizzes.
OR
Log In

From the Vault

'M' Countries

by Jam1

Mmmmmmm countries.
Remove Ads.
Support Sporcle.
Get the best of Sporcle when you Go Orange. This ad-free experience offers more features, more stats, and more fun while also helping to support Sporcle. Thank you for becoming a member.

Show Comments

Extras

Created Mar 1, 2011ReportNominate
Tags:Bradley, Bradley Cooper, Cooper

Top Quizzes Today


Score Distribution

Your Account Isn't Verified!

In order to create a playlist on Sporcle, you need to verify the email address you used during registration. Go to your Sporcle Settings to finish the process.

Report this User

Report this user for behavior that violates our Community Guidelines.

Details: